A CASE BOOK ON CONTRACT (Record no. 9530)

MARC details
000 -LEADER
fixed length control field 00309nam a22001457a 4500
003 - CONTROL NUMBER IDENTIFIER
control field SGT
082 ## - DEWEY DECIMAL CLASSIFICATION NUMBER
Classification number 346.02,BUR
100 ## - MAIN ENTRY--PERSONAL NAME
Personal name BURROWS,ANDREW
245 ## - TITLE STATEMENT
Title A CASE BOOK ON CONTRACT
250 ## - EDITION STATEMENT
Edition statement 4TH
260 ## - PUBLICATION, DISTRIBUTION, ETC. (IMPRINT)
Place of publication, distribution, etc PORTLAND
Name of publisher, distributor, etc HART PUBLICATION
Year of Publication 2013
300 ## - PAGE DESCRIPTION
No. of Pages 839
650 ## - SUBJECT ADDED ENTRY--TOPICAL TERM
Topical term or geographic name as entry element PRIVATE LAW
942 ## - ADDED ENTRY ELEMENTS (KOHA)
Source of classification or shelving scheme Dewey Decimal Classification
Koha item type Books
Holdings
Withdrawn status Lost status Source of classification or shelving scheme Damaged status Not for loan Collection code Home library Current library Shelving location Date acquired Vendor Name Cost, normal purchase price SGTU Bill Number Total Checkouts Full call number Accession No. (Barcode) Date last seen Date last borrowed Bill Date Koha item type
  Long Overdue (Lost) Dewey Decimal Classification     LAW SGT Science & Social Sciences Library SGT Science & Social Sciences Library Reference Book 11/07/2016 SATYAM BOOKS 3103.44 SGTU 985 10 346.02,BUR FL01 11/11/2020 11/11/2020 22/07/2014 Books